000
00312nam a2200145Ia 4500
005
20240807061918.0
008
240806s9999||||xx |||||||||||||| ||eng||
041
_a
eng
082
_a
891.431009
_b
AGYP
100
_a
Kumar, Sanjay
260
_b
Vani Prakashan
300
_a
132p.
650
_a
Hindi
942
_c
BK
999
_c
2780
_d
2780